[Event "23rd OIBM 2019"]
[Site "Gmund am Tegernsee"]
[Date "2019.10.28"]
[Round "3.42"]
[White "Lohvinov, Petro"]
[Black "Marin, Mihail"]
[Result "0-1"]
[WhiteElo "2117"]
[BlackElo "2524"]
[Annotator "TA"]
[PlyCount "78"]
[EventDate "2019.10.17"]
[EventType "swiss"]
[EventCountry "GER"]
[SourceTitle "playchess.com"]
[Source "ChessBase"]
[SourceQuality "1"]

{[%evp 16,78,-7,-4,-33,-20,-10,-39,-37,-37,-50,-61,-46,-58,-51,-136,-108,-186,-43,-45,-37,-82,-90,-83,-82,-105,-104,-133,-143,-144,-85,-131,-112,-117,-100,-99,-91,-99,-54,-55,-55,-59,-42,-56,0,-10,-2,-24,-19,-43,29,-6,-6,-6,-6,-6,-6,-1,-1,-6,-7,-8,-5,-915,-931]} 1. e4 c6 2. d3 d5 3. Nd2 e5 4. Ngf3 Nd7 5. g3 Ngf6 6. Bg2 Bd6 7. O-O O-O 8. Re1 Re8 9. b3 a5 {B10: Caro-Kann: 2 d3 and 2 c4} 10. a3 d4 (10... b5 11. Bb2 Bb7 12. Qe2 d4 13. Nh4 a4 14. h3 axb3 15. cxb3 g6 16. Rf1 Nh5 17. Nf5 {0-1 (43) Andriasian,Z (2591)-Vidit,S (2718) chess.com INT 2018}) 11. Nh4 Bf8 {Black is slightly better.} 12. Nf1 g6 $146 ({Predecessor:} 12... a4 13. b4 c5 14. bxc5 Ra5 15. Nf5 Rxc5 16. g4 Re6 {0-1 (24) Malmdin,N (2175)-Salem,A (2564) Caleta 2014}) 13. Re2 Nh5 14. Qe1 Nc5 15. f4 {[#]} ({Better is} 15. h3 $15) 15... exf4 $1 $17 16. gxf4 (16. Nf3 $17) 16... f5 (16... Ne6 $19 17. f5 Nef4 18. Bxf4 Nxf4) 17. Bf3 $15 Ng7 18. e5 Be7 19. Ng2 Be6 20. Bb2 Bd5 21. Qf2 Bxf3 22. Qxf3 Nce6 (22... a4 $142 23. b4 Nce6) 23. Ng3 Rf8 24. Rd2 Qd7 25. Ne2 Rad8 26. c3 dxc3 27. Bxc3 Ra8 28. d4 Nc7 29. Ne3 a4 30. d5 cxd5 31. Nxd5 Nxd5 32. Rxd5 Qc7 (32... Qc6 $15) 33. b4 (33. Bd4 $5 {[%cal Ra1c1]} Ne6 34. Rc1 Nxd4 35. Rxd4 $16 (35. Rxc7 $2 {is the wrong capture.} Nxf3+ 36. Kf2 Nxe5 $17)) 33... Rad8 34. Rad1 $36 {[%mdl 2048] White has some pressure.} Ne6 35. Rxd8 Rxd8 36. Rxd8+ Bxd8 37. Qd5 Qc6 38. Qxc6 bxc6 39. Nd4 $2 {[%mdl 8192] [#]} (39. Kg2 $11) 39... Bb6 {Accuracy: White = 45%, Black = 49%.} 0-1

[Event "23rd OIBM 2019"]
[Site "Gmund am Tegernsee"]
[Date "2019.10.28"]
[Round "3.43"]
[White "Braeuer, Franz"]
[Black "Schmidt, Gerhard"]
[Result "1-0"]
[WhiteElo "2429"]
[BlackElo "2118"]
[Annotator "TA"]
[PlyCount "89"]
[EventDate "2019.10.17"]
[EventType "swiss"]
[EventCountry "GER"]
[SourceTitle "playchess.com"]
[Source "ChessBase"]
[SourceQuality "1"]

{[%evp 13,89,9,8,4,18,19,14,18,41,26,47,25,46,33,41,24,39,35,50,31,38,32,28,38,45,39,70,56,63,52,63,66,70,67,86,70,95,81,100,100,223,222,300,231,388,389,366,264,266,236,319,289,500,445,441,248,408,419,404,409,397,398,491,500,699,576,569,552,555,555,549,543,887,916,892,806,2464,2400]} 1. e4 c5 2. Nf3 d6 3. d4 cxd4 4. Nxd4 Nf6 5. Nc3 a6 6. Be3 e5 7. Nf3 Be7 8. Nd2 {B90: Sicilian Najdorf: Unusual White 6th moves, 6 Be3 Ng4 and 6 Be3 e5} (8. Bc4 O-O 9. O-O Nc6 10. Re1 Be6 11. Nd5 Bxd5 12. exd5 b5 13. Bf1 Nb4 14. c4 bxc4 15. Bxc4 Qc7 16. Rc1 Qb7 17. Bg5 Nbxd5 {1-0 (29) Anand,V (2756)-Giri,A (2779) Amsterdam 2019}) 8... Ng4 9. Nc4 {Strongly threatening Bb6.} Nxe3 10. Nxe3 {The position is equal.} Nc6 11. Bc4 O-O 12. O-O Be6 13. Ncd5 Bg5 14. a3 $146 ({Predecessor:} 14. a4 Ne7 15. Ra3 Rc8 16. Ba2 Kh8 17. Nxe7 Bxe7 18. Bd5 Qd7 19. Qd3 Rc5 {½-½ (77) Ionica,I (2287)-Videnova,I (2211) Kozloduy 2008}) 14... Rc8 15. Qd3 Kh8 16. Ba2 g6 17. Kh1 Bh6 18. c3 Bg7 19. Nb4 Re8 20. Nxc6 Rxc6 21. Bd5 Rc7 22. Rfd1 Bf8 23. a4 {[%cal Ba3a4,Ba4a5][%mdl 32]} Bc8 24. Bb3 Kg7 25. a5 Rc5 {[#]} 26. Ba4 $1 Re6 {[#]} (26... Bd7 $16 {was called for.}) 27. b4 $1 $18 {[%cal Rb4c5]} Rc6 28. Nd5 Qh4 $2 (28... Rc7 29. Nxc7 Qxc7) 29. Bxc6 bxc6 30. Nb6 Bb7 31. Ra2 f5 32. f3 g5 $2 (32... Qf6 33. Nd7 Qe7) 33. g3 Qh3 34. Qf1 (34. exf5 $142 Rf6 35. Nd7) 34... Qh5 $2 (34... Qxf1+ 35. Rxf1 Rf6) 35. exf5 Re8 36. g4 Qf7 37. c4 c5 38. bxc5 {White is clearly winning.} d5 39. c6 Bxc6 40. cxd5 Bb5 41. Qf2 Bd6 42. Qe3 Kf6 43. Rc2 Qf8 {[#]} 44. Rc6 $1 {And now Nd7+ would win.} Bxc6 45. dxc6 {Accuracy: White = 59%, Black = 24%.} 1-0

[Event "23rd OIBM 2019"]
[Site "Gmund am Tegernsee"]
[Date "2019.10.28"]
[Round "3.44"]
[White "Badelka, Olga"]
[Black "Kick, Joachim"]
[Result "1/2-1/2"]
[WhiteElo "2413"]
[BlackElo "2116"]
[Annotator "TA"]
[PlyCount "80"]
[EventDate "2019.10.17"]
[EventType "swiss"]
[EventCountry "GER"]
[SourceTitle "playchess.com"]
[Source "ChessBase"]
[SourceQuality "1"]

{[%evp 21,80,-90,-92,-149,-155,-163,-163,-195,-150,-130,-126,-112,-118,-105,-61,-72,-70,-65,-16,-17,-11,-14,4,-33,-35,-33,-33,-33,-33,-41,-40,-30,-29,-45,-50,-36,-24,-20,-21,-14,0,0,0,-29,-23,-16,-20,-50,-50,-47,-49,-62,-59,-54,-54,-66,0,-47,0,-63,0]} 1. d4 d5 2. c4 c6 3. Nf3 Nf6 4. Nc3 e6 5. Bg5 dxc4 6. e4 b5 7. e5 h6 8. Bh4 g5 9. exf6 gxh4 10. Ne5 Qxf6 11. Be2 {[#]} Nd7 $1 {[%cal Rd7e5]} 12. Ng4 {D44: Semi-Slav: Botvinnik System} (12. Nxc6 $142 Bb7 13. Bf3) (12. Nxc6 Bb7 13. Bf3 a6 14. O-O Rc8 15. Ne5 Bxf3 16. Nxf3 Rd8 17. Qe2 Be7 18. b3 Rg8 19. bxc4 bxc4 20. Rab1 {½-½ (52) Csiszar,C (2450)-Szabo,K (2518) Zalakaros 2009}) 12... Qf4 $146 ({Predecessor:} 12... Qg5 13. Bf3 Bb7 14. a4 a6 15. axb5 axb5 16. Rxa8+ Bxa8 17. Qa1 Qd8 18. Qa6 Bg7 19. Bxc6 O-O 20. Qxb5 Bxc6 21. Qxc6 {0-1 (34) Kharitonov,O-Yurenko,K (2306) Krasnodar 1999}) 13. Bf3 Bb7 14. Nxb5 {Black is clearly better.} cxb5 15. Bxb7 Bb4+ 16. Kf1 Rd8 17. g3 Qf5 18. Bc6 Ke7 19. Ne3 Qd3+ 20. Qxd3 $1 cxd3 21. Bxb5 Nb6 22. a3 Bd2 23. Rd1 Bxe3 $1 24. fxe3 Nd5 25. Kf2 Rb8 26. a4 {[#]} a6 $1 {[%mdl 512]} 27. Bxd3 (27. Bxa6 Rxb2+) 27... Rxb2+ 28. Kf3 a5 29. Rb1 Rhb8 30. gxh4 R8b3 {Strongly threatening ...Rxb1.} 31. Rxb2 Rxb2 $11 {[%mdl 4096] Endgame KRB-KRN} 32. Bc4 Nc3 33. Rc1 Nxa4 34. Ra1 Nb6 35. Be2 a4 36. h3 f5 37. Bd1 Rb4 38. Ke2 Rb2+ 39. Kf3 Rb4 40. Ke2 Rb2+ {Accuracy: White = 70%, Black = 51%.} ({Black should play} 40... Kd6 $15) 1/2-1/2

[Event "23rd OIBM 2019"]
[Site "Gmund am Tegernsee"]
[Date "2019.10.29"]
[Round "4.1"]
[White "Asadli, Vugar"]
[Black "Sethuraman, S.P."]
[Result "1-0"]
[WhiteElo "2513"]
[BlackElo "2624"]
[Annotator "TA"]
[PlyCount "103"]
[EventDate "2019.10.17"]
[EventType "swiss"]
[EventCountry "GER"]
[SourceTitle "playchess.com"]
[Source "ChessBase"]
[SourceQuality "1"]

{[%evp 12,103,15,13,29,22,20,0,0,0,0,0,0,0,0,0,0,0,0,-19,-6,-37,0,-23,1,0,0,0,0,0,0,0,0,0,0,0,0,0,45,25,128,61,92,85,354,287,399,387,370,364,493,498,493,495,477,495,454,495,480,480,439,439,593,400,579,559,516,470,476,434,660,615,643,598,663,648,760,772,746,721,2128,1991,1551,1157,29971,29972,29972,29972,29973,29973,29975,29976,29974,12192]} 1. e4 c5 2. Nf3 d6 3. d4 cxd4 4. Nxd4 Nf6 5. Nc3 a6 6. h3 e5 7. Nde2 h5 {B90: Sicilian Najdorf: Unusual White 6th moves, 6 Be3 Ng4 and 6 Be3 e5} 8. Bg5 (8. g3 Nbd7 9. Bg2 b5 10. O-O Bb7 11. a4 b4 12. Nd5 Nxd5 13. exd5 Be7 14. a5 Rb8 15. Bd2 {1-0 (36) Wei,Y (2721)-Vachier Lagrave,M (2774) chess.com INT 2019}) 8... Be6 9. Bxf6 Qxf6 {The position is equal.} 10. Nd5 Qd8 $1 11. Qd3 Nd7 12. O-O-O g6 13. Nec3 Nc5 14. Qe2 b5 15. g3 $146 ({Predecessor:} 15. a3) 15... Rb8 {Threatens to win with ...b4.} 16. a3 h4 17. Kb1 Bg7 18. Qe3 Bd7 19. f4 a5 {Strongly threatening ...b4.} 20. b4 $1 {[%cal Rb4c5]} axb4 21. axb4 exf4 22. gxf4 Na4 23. Nxa4 bxa4 24. c3 Bc6 25. Rg1 Qc8 (25... O-O $11 {remains equal.}) 26. e5 ({White should try} 26. Ba6 $16 Qd7 27. Bc4) 26... Bxd5 ({Don't go for} 26... dxe5 $2 27. Qc5 $18) 27. Rxd5 Qe6 $2 {[%mdl 8192]} (27... dxe5 $16 28. f5 (28. fxe5 O-O $11) 28... O-O 29. fxg6 fxg6) 28. Bc4 $1 $18 O-O {[#]} 29. Qd3 $1 Rfc8 30. Rb5 Qf5 31. Qxf5 gxf5 32. exd6 {[%mdl 64] Discovered Attack} Kf8 33. d7 Rd8 34. Rxb8 Rxb8 {[%mdl 4096] Endgame KRB-KRB} 35. Kc2 Bf6 36. Re1 a3 37. Re3 Ra8 (37... Be7 $142 38. Re5 f6) 38. Bb5 Kg7 {[#]} 39. Kb1 $1 {[%cal Rb1a2] Ka2 is the strong threat.} a2+ 40. Ka1 Ra3 (40... Ra7 $142 41. Rd3 Bd8) 41. Rd3 Bd8 42. Bc4 Kf6 43. Bxa2 Ke7 44. Kb2 Ra7 45. c4 Rxd7 46. Rxd7+ Kxd7 {KB-KB} 47. c5 Bc7 48. Bxf7 {White mates.} Bxf4 49. Kc3 Kc6 50. Kc4 Bd2 51. b5+ {[%cal Bb4b5,Bb5b6][%mdl 32]} Kb7 52. b6 {Accuracy: White = 85%, Black = 45%.} 1-0

[Event "23rd OIBM 2019"]
[Site "Gmund am Tegernsee"]
[Date "2019.10.29"]
[Round "4.2"]
[White "Vetoshko, Volodymyr"]
[Black "Peralta, Fernando"]
[Result "1/2-1/2"]
[WhiteElo "2506"]
[BlackElo "2569"]
[Annotator "TA"]
[PlyCount "46"]
[EventDate "2019.10.17"]
[EventType "swiss"]
[EventCountry "GER"]
[SourceTitle "playchess.com"]
[Source "ChessBase"]
[SourceQuality "1"]

{[%evp 19,46,10,12,5,-3,-3,10,-22,-37,-33,-22,-70,-49,-42,-39,-54,-42,-50,-52,-47,-44,-61,-70,-57,0,-18,0,-69,0]} 1. d4 Nf6 2. c4 e6 3. g3 d5 4. Nf3 Bb4+ 5. Bd2 Be7 6. Bg2 O-O 7. O-O c6 8. Qc2 b6 9. b3 Nbd7 10. Rd1 Ba6 11. Bc1 {E15: Queen's Indian: 4 g3 sidelines, 4 g3 Ba6 and 4 g3 Bb7 early deviations} (11. Bf4 Rc8 12. Nc3 dxc4 13. e4 Bb4 14. Nd2 Qe7 15. Nxc4 Bxc4 16. bxc4 e5 17. dxe5 Nxe5 18. Ne2 Bc5 19. Nd4 Rfd8 20. Nb3 h6 21. Nxc5 Qxc5 22. Rac1 Rxd1+ 23. Qxd1 Re8 24. h3 Qa3 25. Rc2 Qd3 26. Rd2 Qxc4 {½-½ (26) Van Wely,L (2604)-Bok,B (2638) Maastricht 2019}) 11... Rc8 12. Bb2 Qc7 13. Nc3 {The position is equal.} dxc4 14. e4 Rfe8 $146 ({Predecessor:} 14... Rfd8 15. Nd2 b5 16. bxc4 bxc4 17. Na4 c5 18. d5 exd5 19. exd5 {½-½ (30) Lodici,L (2453)-Kozak,A (2458) Radenci 2019}) 15. Qe2 b5 {...b4 is the strong threat.} 16. bxc4 bxc4 17. Qc2 Qa5 18. Rab1 Rb8 19. Bf1 h6 20. Nd2 Nb6 21. Nf3 Nbd7 22. Nd2 Nb6 (22... e5 $11 23. Ne2 (23. Nxc4 Bxc4 24. Bxc4 exd4 $15) 23... Bb4 24. Nxc4 Bxc4 25. Qxc4 Nxe4 26. Qxc6 Ndf6) 23. Nf3 $1 $15 Nbd7 {Accuracy: White = 80%, Black = 58%.} ({Black should try} 23... Nfd7 $15) 1/2-1/2

[Event "23rd OIBM 2019"]
[Site "Gmund am Tegernsee"]
[Date "2019.10.29"]
[Round "4.3"]
[White "Idani, Pouya"]
[Black "Krzyzanowski, Marcin"]
[Result "1-0"]
[WhiteElo "2568"]
[BlackElo "2500"]
[Annotator "TA"]
[PlyCount "63"]
[EventDate "2019.10.17"]
[EventType "swiss"]
[EventCountry "GER"]
[SourceTitle "playchess.com"]
[Source "ChessBase"]
[SourceQuality "1"]

{[%evp 24,63,41,37,63,58,60,15,86,79,84,68,80,0,0,-7,-11,-10,-14,-19,-21,-151,-49,-52,0,0,8,0,108,82,1003,553,936,985,980,958,29968,29969,5840,5186,29987,29988]} 1. e4 c5 2. Nf3 d6 3. d4 cxd4 4. Nxd4 Nf6 5. Nc3 Nc6 6. Bg5 e6 7. Qd2 a6 8. O-O-O Bd7 9. f4 b5 10. Bxf6 gxf6 11. Kb1 Qb6 12. Nxc6 Bxc6 13. f5 Qc5 {B67: Sicilian: Richter-Rauzer: 7...a6 8 0-0-0 Bd7, lines without 9 f4 Be7} (13... h5 14. fxe6 fxe6 15. Bd3 O-O-O 16. Ne2 Qc5 17. Rhf1 Qe5 18. Qe3 Kb7 19. Nd4 Bd7 20. c3 Be7 21. Bc2 {1-0 (41) Anand,V (2764)-Caruana,F (2819) Paris 2019}) 14. fxe6 fxe6 15. Ne2 Rc8 $146 {[#]} (15... Bxe4 $11 16. Nf4 Bh6 17. Nxe6 Bxd2 18. Nxc5 dxc5 19. Rxd2 Rg8) ({Predecessor:} 15... h5 16. Nd4 Bd7 17. g3 a5 18. Qd3 b4 19. Bh3 Ke7 20. Rhf1 Qe5 21. Bxe6 {1-0 (21) Chigaev,M (2474)-Chernov,M (2229) Kemerovo 2013}) 16. Nd4 $1 $16 Kf7 17. Be2 h5 18. Rhf1 (18. Qd3 $16) 18... Bxe4 $11 19. Rde1 Bh6 $36 {[%mdl 2048] White is under pressure.} (19... Bxg2 $2 {[#]} 20. Nxe6 $1 {[%mdl 512]} (20. Bxh5+ Rxh5 21. Qxg2 Re5 $16) 20... Qxc2+ 21. Qxc2 $18) 20. Bxh5+ $1 Qxh5 21. Qf2 {[#]} Bxc2+ $1 22. Ka1 (22. Nxc2 $11 {was the only way to keep the balance.} Qg6 23. h4) 22... f5 (22... Qg6 $17 23. h4 Bg7 24. Nxe6 Rhe8) 23. Nxc2 $15 Bg7 ({Don't blunder} 23... Qxh2 $2 24. Qa7+ (24. Rxe6 $2 Kxe6 25. Qxf5+ Ke7 $19) 24... Kf6 25. Qd7 $18) ({Black should try} 23... Rhe8 $1 $15) 24. Nd4 ({Reject} 24. Qe3 Rhe8 $17) 24... Be5 {Threatens to win with ...Qh4.} 25. Nf3 $1 {Black must now prevent g4.} Bf6 (25... Rhg8 $11 {keeps the balance.}) 26. Qa7+ $16 Be7 $2 {[%mdl 8192]} (26... Kg8 $16) 27. Nd4 {[%cal Bf3d4,Bd4e6,Be6c7,Bc7d5][%mdl 32]} Qh6 28. Nxe6 Rhe8 29. Nc7 {[%mdl 64] Double Attack} Red8 30. Nd5 Re8 31. Rxe7+ Kg6 32. Kb1 {Accuracy: White = 65%, Black = 25%.} 1-0

[Event "23rd OIBM 2019"]
[Site "Gmund am Tegernsee"]
[Date "2019.10.29"]
[Round "4.4"]
[White "Korneev, Oleg"]
[Black "Bernadskiy, Vitaliy"]
[Result "0-1"]
[WhiteElo "2504"]
[BlackElo "2554"]
[Annotator "TA"]
[PlyCount "94"]
[EventDate "2019.10.17"]
[EventType "swiss"]
[EventCountry "GER"]
[SourceTitle "playchess.com"]
[Source "ChessBase"]
[SourceQuality "1"]

{[%evp 24,94,54,40,64,36,37,52,49,52,45,17,35,23,24,0,35,35,51,37,47,41,49,49,53,56,109,107,91,79,60,4,15,4,8,11,12,0,0,-204,-21,-163,-163,-163,-163,-163,-163,-163,-163,-163,-163,-163,-36,-147,-96,-163,-163,-163,-163,-163,-163,-163,-163,-163,-163,-29972,-29974,-29968,-29967,-5724,-5102,-29988,-29986]} 1. e4 c5 2. Nf3 Nc6 3. d4 cxd4 4. Nxd4 Nf6 5. Nc3 e5 6. Ndb5 d6 7. Bg5 a6 8. Na3 b5 9. Nd5 Be7 10. Bxf6 Bxf6 11. c3 Ne7 12. Nxf6+ gxf6 13. g3 f5 {B33: Sicilian: Pelikan and Sveshnikov Variations} 14. Bg2 fxe4 15. Bxe4 d5 {White is slightly better.} 16. Bg2 h5 17. Qe2 {[#]} Qd6 $146 ({Predecessor:} 17... Qc7 18. Nc2 Bg4 19. Bf3 Qc4 20. Bxg4 hxg4 21. Qxe5 {1-0 (48) Magem Badals,J (2529)-Vallejo Pons,F (2528) Leon 2000}) 18. Nc2 h4 19. Rg1 h3 20. Bh1 f5 21. O-O-O Bb7 22. g4 O-O-O 23. gxf5 Nxf5 24. Rg5 Rdf8 (24... Rhf8 $14) 25. Ne3 $16 Nxe3 26. Qxe3 Re8 27. Rg3 (27. Kb1 $14) 27... Kb8 $11 28. Rxh3 b4 29. Rxh8 Rxh8 30. cxb4 d4 31. Qg3 $2 (31. Qg5 $11) 31... Qh6+ $2 ({Black should try} 31... Bxh1 $19 32. Rxh1 Qc6+ 33. Kd2 Qh6+ 34. Kd1 Qh5+ 35. f3 Qf5) 32. Kb1 (32. Kc2 $1 $11 {and White is okay.} Bxh1 33. Rxh1 (33. Qxe5+ Ka8 $15) 33... Qc6+ 34. Kd2 Qh6+ 35. Ke2 Qh5+ 36. f3) 32... Qh7+ $19 ({Worse is} 32... Qxh2 33. Qxh2 Rxh2 34. Bxb7 $11) 33. Ka1 Qxh2 34. Qxh2 Rxh2 35. Bxb7 Kxb7 {[%mdl 4096] Endgame KR-KR} 36. Rf1 Kc6 {[%mdl 1024] Black has strong compensation.} 37. Kb1 {[#]} Kd5 (37... d3 $1 $19 38. a4 Kd5) 38. Kc2 $15 {[#]} e4 $1 39. a4 (39. Kd2 $17 {was worth a try.}) 39... Kc4 $19 {Threatens to win with ...e3.} 40. b5 axb5 41. b3+ Kb4 42. axb5 Kxb5 43. Kd2 Kb4 44. Ke1 $2 (44. Rc1 $19) 44... Kc3 45. Ke2 Kc2 46. b4 Rh3 47. f3 Rh2+ {Accuracy: White = 45%, Black = 68%.} 0-1

[Event "23rd OIBM 2019"]
[Site "Gmund am Tegernsee"]
[Date "2019.10.29"]
[Round "4.5"]
[White "Mons, Leon"]
[Black "Weber, Ulrich"]
[Result "1-0"]
[WhiteElo "2552"]
[BlackElo "2360"]
[Annotator "TA"]
[PlyCount "69"]
[EventDate "2019.10.17"]
[EventType "swiss"]
[EventCountry "GER"]
[SourceTitle "playchess.com"]
[Source "ChessBase"]
[SourceQuality "1"]

{[%evp 13,69,26,27,27,36,34,44,47,86,83,83,88,83,52,70,47,57,47,53,58,78,83,106,25,36,25,34,23,22,35,49,23,0,0,0,0,0,0,108,23,203,216,442,413,335,389,695,664,1895,1061,997,978,895,860,1546,1582,29995,29996]} 1. d4 Nf6 2. c4 g6 3. Nc3 Bg7 4. e4 d6 5. h3 O-O 6. Be3 e5 7. d5 Na6 8. g4 {E71: King's Indian: 4 e4 d6 5 h3} Nc5 9. f3 a5 (9... c6 10. Qd2 cxd5 11. cxd5 Bd7 12. Nge2 h5 13. Nc1 Rc8 14. Nb3 Nxb3 15. axb3 {0-1 (64) Grandelius,N (2691)-McShane,L (2688) Eskilstuna 2019}) 10. Qd2 {White is slightly better.} Ne8 11. h4 f5 12. gxf5 gxf5 13. O-O-O $146 ({Predecessor:} 13. exf5 Bxf5 14. O-O-O a4 15. Nh3 a3 {0-1 (46) Yaylali,A (1982)-Mammadov,S (2243) Istanbul 2019}) 13... fxe4 14. Bxc5 dxc5 15. Nxe4 Nd6 16. Bd3 Nxe4 17. Bxe4 Ra6 {Strongly threatening ...Bh6.} 18. Qg2 ({White should try} 18. Kb1 $16) 18... Bf5 $11 19. h5 Kh8 20. Ne2 Bh6+ 21. Kb1 Be3 22. Nc3 (22. Rd3 $5 Bxe4 23. fxe4 $16) 22... Bd4 23. Bxf5 $40 {[%mdl 128] White is up to no good.} Rxf5 24. Nb5 Rg5 25. Qd2 {Threatens to win with Nxc7!} Qg8 (25... Rf5 $11 {remains equal.}) 26. Rh2 (26. Nxd4 $16 exd4 27. Qf4) 26... Rb6 $2 (26... Rxh5 $1 $11 27. Nxc7 (27. Rxh5 Qg6+ {[%mdl 64] Double Attack} 28. Ka1 Qxh5 $11) (27. Nxd4 cxd4 28. Rxh5 Qg6+ {[%mdl 64] Double Attack} 29. Kc1 Qxh5 $11) 27... Rxh2 28. Qxh2 Rf6) 27. Nxd4 $18 cxd4 $2 (27... exd4 {was worth a try.} 28. Qf4 h6) 28. f4 exf4 29. Qxf4 c5 $2 (29... d3 30. Qxc7 Rf6 31. Qxa5 Rg1 {[%mdl 64] Back Rank}) 30. d6 {And now Qf6+ would win.} Rg1 31. Qe5+ Qg7 {[#]} 32. Qe8+ $1 Qg8 {[#]} 33. d7 $1 {Rxg1 would kill now.} Rxd1+ 34. Kc2 {Intending Qe5+ and mate.} Rd6 35. Rg2 {[%mdl 64] Pin. Accuracy: White = 49%, Black = 32%.} 1-0

[Event "23rd OIBM 2019"]
[Site "Gmund am Tegernsee"]
[Date "2019.10.29"]
[Round "4.6"]
[White "Eljanov, Pavel"]
[Black "Kueppers, Timo"]
[Result "1-0"]
[WhiteElo "2663"]
[BlackElo "2250"]
[Annotator "TA"]
[PlyCount "95"]
[EventDate "2019.10.17"]
[EventType "swiss"]
[EventCountry "GER"]
[SourceTitle "playchess.com"]
[Source "ChessBase"]
[SourceQuality "1"]

{[%evp 17,95,0,6,9,12,0,12,0,37,22,31,31,31,22,25,24,31,20,56,23,33,0,2,0,0,0,41,35,40,45,84,75,107,110,183,172,225,168,241,186,306,304,297,297,298,297,291,250,327,338,335,321,322,304,402,339,474,459,456,458,661,484,714,699,653,643,714,589,580,580,720,665,756,747,1526,1539,5373,5308,3259,3043]} 1. c4 c5 2. Nc3 Nf6 3. Nf3 Nc6 4. d4 cxd4 5. Nxd4 e6 6. e4 Bb4 7. Nxc6 bxc6 8. Bd3 e5 9. O-O O-O 10. Qe2 {B44: Sicilian: Taimanov: 5 Nb5} (10. h3 h6 11. Na4 d5 12. a3 Bd6 13. cxd5 cxd5 14. exd5 e4 15. Bc2 Qe7 16. Re1 Bf5 17. Nc3 Rab8 {½-½ (39) Artemiev,V (2746)-Le,Q (2708) Khanty-Mansiysk 2019}) 10... h6 11. Rd1 $146 ({Predecessor:} 11. Be3 Bxc3 12. bxc3 d6 13. Rab1 c5 14. Bc2 Qe7 15. Qd3 Bb7 16. f3 Bc6 17. Rfd1 Rfd8 {0-1 (53) Taivanbat,C (1691)-Tugstumur,Y (2361) Ulaanbaatar 2018}) 11... d6 12. Na4 {The position is equal.} Be6 13. a3 Ba5 14. b4 Bc7 15. h3 Qe7 16. Be3 Rfd8 17. Rac1 Nd7 18. Bc2 Nf8 19. Nc3 Bb6 20. Ba4 Rac8 21. Bb3 Bd7 22. c5 $36 {[%mdl 2048] White has some pressure.} dxc5 23. Na4 {[%cal Ra4c5]} Ne6 24. Nxc5 Bxc5 25. Bxc5 ({Much weaker is} 25. bxc5 $6 Nd4 $11) 25... Qg5 (25... Nxc5 $16 26. Rxc5 Be6 27. Bxe6 (27. Rxe5 Rxd1+ 28. Bxd1 c5 $14) 27... Rxd1+ 28. Qxd1 Qxe6) 26. Qf3 $18 Qg6 (26... Ra8 {was worth a try.} 27. Kh2 Bc8) 27. Be3 Ng5 (27... Ra8 {might work better.} 28. h4 h5) 28. Qg3 Kh7 (28... Qf6 {keeps fighting.}) 29. Bxg5 ({Resist} 29. Bxa7 $6 Be6 $18) 29... hxg5 30. Qxe5 {[#] Hoping for Qe7.} Re8 31. Qg3 Be6 32. Rd6 Kh8 33. f3 Qf6 {next ...Qb2 is good for Black.} 34. Bxe6 Rxe6 35. Rxe6 fxe6 {[%mdl 4096] Endgame KQR-KQR} 36. Kh2 a5 37. Rc5 {White is clearly winning.} axb4 38. axb4 Rd8 (38... Qd4 $142 39. Rxg5 Kg8) 39. Qxg5 Qxg5 (39... Rb8 $142 40. Qxf6 gxf6 41. Rxc6 Rxb4 42. Rxe6 Kg7) 40. Rxg5 {KR-KR} Rb8 41. Rc5 Rb6 42. h4 Kg8 43. Kg3 Kf7 44. Kf4 Ke7 45. g4 Kd7 46. Rg5 Rxb4 47. Rxg7+ Kd6 48. h5 {Accuracy: White = 71%, Black = 33%.} 1-0

[Event "23rd OIBM 2019"]
[Site "Gmund am Tegernsee"]
[Date "2019.10.29"]
[Round "4.7"]
[White "Meins, Gerlef"]
[Black "Kamsky, Gata"]
[Result "1/2-1/2"]
[WhiteElo "2415"]
[BlackElo "2685"]
[Annotator "TA"]
[PlyCount "91"]
[EventDate "2019.10.17"]
[EventType "swiss"]
[EventCountry "GER"]
[SourceTitle "playchess.com"]
[Source "ChessBase"]
[SourceQuality "1"]

{[%evp 16,91,59,45,52,64,54,50,58,66,62,54,61,60,98,91,100,85,89,84,78,71,77,58,48,44,56,29,29,29,29,29,29,34,30,31,33,40,30,6,9,12,12,12,12,12,42,37,37,36,52,50,57,57,47,43,54,56,63,59,58,18,28,18,19,29,33,3,6,6,6,0,8,0,8,0,8,0]} 1. Nf3 Nf6 2. c4 g6 3. Nc3 Bg7 4. d4 d6 5. e4 a6 6. Be2 O-O 7. O-O c6 8. h3 b5 9. e5 Ne8 {E91: King's Indian: Classical: 6 Be2, unusual replies including 6...c5 and 6...Bg4} 10. Bf4 Nd7 (10... Bf5 11. Re1 Ra7 12. Bf1 bxc4 13. Bxc4 d5 14. Bf1 Nc7 15. Rc1 h6 16. g4 Bd7 17. Bd3 {1-0 (42) Peralta,F (2556)-Manolache,M (2495) Sitges 2017}) 11. exd6 exd6 {White is slightly better.} 12. d5 cxd5 $146 ({Predecessor:} 12... b4 13. dxc6 bxc3 14. cxd7 Qxd7 15. bxc3 Bxc3 16. Rc1 Bb4 17. Bh6 {1-0 (81) Sengul,C (2225)-Ataman,A (2188) Konya 2011}) 13. cxb5 axb5 14. Bxb5 Nc5 15. Nxd5 Ne6 16. Be3 Bb7 17. a4 Bxd5 18. Qxd5 N8c7 19. Qd3 Rb8 20. Rfd1 d5 $1 21. Rac1 Nxb5 22. axb5 Qa5 23. b6 d4 24. Nxd4 Nxd4 25. Bxd4 Bxd4 26. Qxd4 {[#] Rc6 is the strong threat.} Qxb6 27. Qxb6 (27. Rc2 {feels hotter.} Qxd4 28. Rxd4 Rb3 29. Rd7 g5 30. Kf1) 27... Rxb6 $11 {[%mdl 4096] Endgame KRR-KRR} 28. Rc2 Rfb8 29. Rdd2 Kg7 30. Kf1 g5 31. Ke2 Kg6 32. Kd1 h5 33. Kc1 f6 34. Rc3 h4 35. Kb1 Ra6 36. Rcd3 Rba8 37. Kc2 Ra1 38. Rd1 Rc8+ 39. Kd2 Ra4 40. Rc1 Rb8 41. b3 Ra3 {The position is equal.} 42. Rcc3 Rb6 43. Rf3 Rd6+ 44. Rfd3 Rb6 $1 45. Rf3 Rd6+ 46. Rfd3 {Accuracy: White = 68%, Black = 63%.} 1/2-1/2